Concise Science Dictionary

Gespeichert in:
Bibliographische Detailangaben
Format: Buch
Sprache:Englisch
Veröffentlicht: Oxford : Oxford University Press, 1991
Ausgabe:2.ed.
Tags: Tag hinzufügen
Keine Tags, Fügen Sie das erste Tag hinzu!

MARC

LEADER 00000nam a22000003a 4500
001 stu1901
005 20150408175011.1
008 920608s1991----uk------------------eng-d
040 |a STU  |b slo 
041 0 |a eng 
044 |a uk 
080 |a 801.316.4  |7 4969 
080 |a 5(038)=20 
245 |a Concise Science Dictionary 
250 |a 2.ed. 
260 |a Oxford :  |b Oxford University Press,  |c 1991 
300 |a 758 s 
996 |b E76564  |c E*76564  |l EE11  |s P  |a 0  |w stu1901_0001